000 00398nam a22001457a 4500
999 _c8733
_d8733
003 OSt
008 200708b ||||| |||| 00| 0 eng d
100 _aThakkar, Arti R & Sharma
245 _aPractical Pharmaceutical Analysis
250 _aReprint 2018
260 _aNew Delhi
_bPaging Publishers
300 _aPg. 100
650 _aPharmaceutical Analysis and Quality Assurance
942 _2ddc
_cBK